00650 2200241 4500001002100000005001700021008004100038035002400079082001100103090001800114100002600132245006000158260002700218300002900245500003100274650002800305850001500333980001300348985000600361986001100367999001500378999001500393YOGYA-0209000003155520090227024610.0 ind  0010-020900000031555 a658.15 a658.15bAdi A aADIKUSUMAH, R. Sumita aAdministrasi perusahaan moderncR. Soemito Adikoesoemah aBandungbTarsitoc1976 aix, 636 hlmbilusc22 cm aBibliografi : hlm. 635-636 aAdministrasi perusahaan aYPODDIY(B) a21-09-06 a2 afwhref aP000014531 aP000014533